Statistics for Flags of the German States (Bundesländer)

Click here to take the quiz!

General Stats

  • This quiz has been taken 111 times
  • The average score is 10 of 16

Answer Stats

Answer% Correct
Berlin
94%
Bavaria
84%
Lower Saxony
80%
Hamburg
68%
Brandenburg
63%
Bremen
60%
Hesse
59%
Schleswig-holstein
59%
Saxony
56%
Baden Württemberg
55%
North rhine-westphalia
55%
Saarland
51%
Mecklenburg vorpommern
50%
Rhineland-palatine
49%
Saxony-anhalt
49%
Thuringia
44%

Score Distribution

Percentile by Number Answered

Percent of People with Each Score

Your Score History

You have not taken this quiz